000 00828nam a2200217Ii 4500
003 JO-AjNU
008 230605s9999||||xx |||||||||||||| ||und||
017 _a1999/7/1271
040 _aJO-AjNU
_bara
_erda
_cJO-AjNU
041 _aara
050 1 4 _aHF5655.A7.F32 2002
100 3 _aالفداغ،فداغ,
_eauthor
_930420
245 0 0 _aالمحاسبة المتوسطة: النظرية والتطبيق في القوائم المالية والاصول، ج1
250 _aط2 مزيدة ومنقحة
264 3 1 _aعمان: مؤسسة الوراق للنشر والتوزيع، 2002
300 _aج1 ، 655ص
_bيحتوي على ببلوغرافية من ص653-655ص
336 _atext
_btxt
_2rdacontent
337 _aunmediated
_bn
_2rdamedia
338 _avolume
_bnc
_2rdacarrier
650 4 _aالمحاسبة
_930421
999 _aA12057
_c15625
_d15625